00441 a2200121 4500001001000000005001700010008004100027245009600068100002200164700002100186773009500207999001700302ART_2404920260410161933.0260409a 10aExplorando un enfoque de regulaciones laborales y protección social para América latina1 aBeccaria, Luis A.1 aMaurizio, Roxana0 tRevista de Economía Política de Buenos Airesg- Año 4, Nº 7/8 (nov. 2010)wREV23982 c28817d28817